| 000 | 01039nam a2200217 a 4500 | ||
|---|---|---|---|
| 008 | 070813s2007 ||||||||||||||||| || u | ||
| 020 | _a9991131450 | ||
| 050 | _aHD 7288.72 Old | ||
| 100 | _aOldfield, Sophie | ||
| 245 | 1 | 0 | _aCrowded houses, gendered spaces and generational differences: the inter-relationship between housing politics and household dynamics in New Crossroads, Cape Town |
| 260 |
_aRoma, Lesotho _bInstitute of Southern African Studies, National University of Lesotho _c2007 |
||
| 300 | _ai, 73p.; ill. | ||
| 350 | _a0.00 | ||
| 500 | _aGRUPHEL IV programme research report no. 9 | ||
| 650 | _aDISCRIMINATION,SEXUAL--HOUSES--AFRICA,SOUTH--CAPE TOWN | ||
| 650 | _aGENDER DISCRICMINATION--HOUSES--AFRICA,SOUTH--CAPE TOWN | ||
| 650 | _aSEX DISCRIMINATION--HOUSES--AFRICA, SOUTH--CAPE TOWN | ||
| 650 | _aGENDER | ||
| 700 | _aBoulton, Joanne | ||
| 995 |
_D0.00 _FCBU-MAIN LIBRARY (Kitwe) _H1 _I0.00 _M1 _UAVAILABLE _WAug 13, 2007 _ZMain Library Open Access Collection |
||
| 999 |
_c39251 _d39251 |
||